Siddha Prarthana : Garland of Sacred Songs and Prayers (Record no. 13101)

MARC details
000 -LEADER
fixed length control field 00446nam a2200157Ia 4500
005 - DATE AND TIME OF LATEST TRANSACTION
control field 20260601155918.0
008 - FIXED-LENGTH DATA ELEMENTS--GENERAL INFORMATION
fixed length control field 211105s9999 xx 000 0 und d
020 ## - INTERNATIONAL STANDARD BOOK NUMBER
International Standard Book Number VYASA11646
040 ## - CATALOGING SOURCE
Transcribing agency svyasa
110 ## - MAIN ENTRY--CORPORATE NAME
Corporate name or jurisdiction name as entry element Yoga Publication Trust
Relator term Publisher
9 (RLIN) 1428
245 #0 - TITLE STATEMENT
Title Siddha Prarthana : Garland of Sacred Songs and Prayers
Medium Eng.
250 ## - EDITION STATEMENT
Edition statement 2nd
260 ## - PUBLICATION, DISTRIBUTION, ETC.
Name of publisher, distributor, etc. Yoga Publications trust;
Date of publication, distribution, etc. 2013;
Place of publication, distribution, etc. Munger, Bihar:
300 ## - PHYSICAL DESCRIPTION
Extent 177p.
942 ## - ADDED ENTRY ELEMENTS (KOHA)
Koha item type Books
Holdings
Withdrawn status Lost status Damaged status Not for loan Home library Current library Date acquired Total Checkouts Barcode Date last seen Price effective from Koha item type Source of classification or shelving scheme Collection code Shelving location Source of acquisition
        SVYASA SVYASA 11/26/2016   20664 11/09/2021 11/09/2021 Books        
        SVYASA SVYASA 07/16/2025   26690 07/16/2025 07/16/2025 Books Dewey Decimal Classification Division of Yoga and Spirituality R3.11C Donated

Powered by Koha